| 000 | 00711nam a22002297a 4500 | ||
|---|---|---|---|
| 999 |
_c2874 _d2874 |
||
| 001 | 8419 | ||
| 003 | BD-DhUAP | ||
| 005 | 20200229115730.0 | ||
| 008 | 200229s1998 hk a|||| b||| 00| 0 eng d | ||
| 020 | _a0714828696 | ||
| 020 | _a0714837563 | ||
| 040 |
_aBD-DhUAP _bEng _cBD-DhUAP _dBD-DhUAP |
||
| 082 |
_223 _a720.979493 STE |
||
| 100 | _aSteele, James. | ||
| 245 |
_aLos Angeles architecture : _bthe contemporary condition / _cJames Steele. |
||
| 260 |
_aLondon : _bPhaidon Press, _c1998. |
||
| 300 |
_a231 pages : _billustrations ; _c29 cm. |
||
| 504 | _aIncludes bibliography. | ||
| 650 |
_aArchitecture _zCalifornia -- Los Angeles. |
||
| 650 |
_aArchitecture, Modern _y20th century. |
||
| 942 |
_2ddc _cBK |
||